00778 2200265 4500001002100000005001700021008004100038020002200079035002500101040001200126082001200138084001400150100002100164245013300185250001100318260003100329300003200360504003000392650001400422700001000436850001200446990001800458990001800476990001800494INLIS00000000001462620151006143921.0  a978-602-228-018-9 a0010-101500000000360 aYOPDYOG 223a137 a137 Jas C aJASMINE Asyahida aCheck up tulisanmub: Mengetahui seperti apa karaktermu & orang lain lewat tulisan tanganc/ Jasmine Asyahida; Penyunting, Mufid aCet. 1 aYogyakartabNotebookc2014 a236 hlm.b: ilus.c; 20 cm. aBibliografi: hlm. 231-232 aGrafologi aMUFID aYOPDYOG a25534-PD/B.15 a25535-PD/B.15 a25536-PD/B.15